| 000 | 01389naa a22003497a 4500 | ||
|---|---|---|---|
| 001 | BR7310884 | ||
| 003 | BR-BrBNA | ||
| 005 | 20240918173529.0 | ||
| 007 | ta | ||
| 008 | 230509b bl.||||| |||| 00| 0 por d | ||
| 040 |
_aBR-BrBNA _bpor _cBiblioteca Nacional de Agricultura |
||
| 041 | _a(Pt) | ||
| 072 |
_aF25; F21 _b0332 _b3820 _b3920 |
||
| 090 | _aF25 BR7310884 | ||
| 110 | 1 | _aUniversidade Federal do Ceara, Fortaleza (Brasil). Centro de Ciencias Agrarias. Depto. de Fitotecnia | |
| 245 | 1 | _aInteracao Rizobio - adubacao nitrogenada em amendoim [Arachis hipogaea, Cascavel, Ceara] | |
| 260 | 3 |
_aFortaleza, CE (Brasil): _c1976. |
|
| 500 | _aConvenio BNB/UFC - Programa de experimentacao com as culturas do amendoim, mamona e soja no Estado do Ceara. Relatorio de pesquisa 1975 Fortaleza, CE (Brasil): 1976. p. 19-26 (BR7310884-AM)F25 | ||
| 650 | _aAMENDOIM | ||
| 650 | _aFEIJAO DE CORDA | ||
| 650 | _aSOJA PERENE | ||
| 650 | _aRHIZOBIUM | ||
| 650 | _aADUBACAO | ||
| 650 | _aFERTILIZANTE NITROGENADO | ||
| 650 | _aNODULO | ||
| 650 | _aPRODUTIVIDADE | ||
| 650 | _aCASCAVEL | ||
| 650 | _aCEARA | ||
| 773 | 0 |
_tConvenio BNB/UFC - Programa de experimentacao com as culturas do amendoim, mamona e soja no Estado do Ceara. Relatorio de pesquisa 1975 _wF25 BR7310884 _gFortaleza, CE (Brasil), 1976. p. 19-26 |
|
| 909 |
_a202404 _bLucia _c55 _dLucia Elande |
||
| 942 |
_cAM _2AGRIS |
||
| 999 |
_c305199 _d305199 |
||